<?xml version="1.0" encoding="UTF-8"?>
<record
    xmlns:xsi="http://www.w3.org/2001/XMLSchema-instance"
    xsi:schemaLocation="http://www.loc.gov/MARC21/slim http://www.loc.gov/standards/marcxml/schema/MARC21slim.xsd"
    xmlns="http://www.loc.gov/MARC21/slim">

  <leader>00551nam a22001937a 4500</leader>
  <datafield tag="999" ind1=" " ind2=" ">
    <subfield code="c">172696</subfield>
    <subfield code="d">172696</subfield>
  </datafield>
  <controlfield tag="005">20200211122417.0</controlfield>
  <datafield tag="010" ind1=" " ind2=" ">
    <subfield code="a">365107</subfield>
  </datafield>
  <datafield tag="020" ind1=" " ind2=" ">
    <subfield code="c">8.00</subfield>
  </datafield>
  <datafield tag="035" ind1=" " ind2=" ">
    <subfield code="a">365107</subfield>
  </datafield>
  <datafield tag="037" ind1=" " ind2=" ">
    <subfield code="b">BPPD/Pub.</subfield>
  </datafield>
  <datafield tag="082" ind1=" " ind2=" ">
    <subfield code="a">921</subfield>
  </datafield>
  <datafield tag="100" ind1=" " ind2=" ">
    <subfield code="a">&#x627;&#x628;&#x648; &#x645;&#x62D;&#x645;&#x62F; &#x633;&#x6CC;&#x62D;&#x631;</subfield>
  </datafield>
  <datafield tag="245" ind1=" " ind2=" ">
    <subfield code="a">&#x645;&#x648;&#x637;&#x627;&#x644;&#x639;&#x6C1; &#x627;&#x645;&#x6CC;&#x631; /</subfield>
    <subfield code="c">&#x627;&#x628;&#x648; &#x645;&#x62D;&#x645;&#x62F; &#x633;&#x6CC;&#x62D;&#x631;</subfield>
  </datafield>
  <datafield tag="246" ind1=" " ind2=" ">
    <subfield code="a">Mutailah Ameer (Urdu) /</subfield>
    <subfield code="b">by Abu Mohammed Seher</subfield>
  </datafield>
  <datafield tag="260" ind1=" " ind2=" ">
    <subfield code="a">Lucknow</subfield>
    <subfield code="b">Neem Book Depot</subfield>
    <subfield code="c">1961 &#x621;</subfield>
  </datafield>
  <datafield tag="270" ind1=" " ind2=" ">
    <subfield code="a">Laposh Road</subfield>
    <subfield code="b">Lucknow</subfield>
  </datafield>
  <datafield tag="300" ind1=" " ind2=" ">
    <subfield code="a">512p. </subfield>
    <subfield code="c">18cm(Hb)</subfield>
  </datafield>
  <datafield tag="942" ind1=" " ind2=" ">
    <subfield code="2">ddc</subfield>
    <subfield code="c">UR</subfield>
    <subfield code="h">921</subfield>
    <subfield code="m">&#x627; &#x628; &#x648;</subfield>
  </datafield>
  <datafield tag="952" ind1=" " ind2=" ">
    <subfield code="0">0</subfield>
    <subfield code="1">0</subfield>
    <subfield code="4">0</subfield>
    <subfield code="7">0</subfield>
    <subfield code="8">NFIC</subfield>
    <subfield code="a">L</subfield>
    <subfield code="b">L</subfield>
    <subfield code="d">2020-02-11</subfield>
    <subfield code="e">BPPD/Ven.</subfield>
    <subfield code="g">8.00</subfield>
    <subfield code="l">0</subfield>
    <subfield code="o">921 &#x627; &#x628; &#x648;</subfield>
    <subfield code="p">365107</subfield>
    <subfield code="r">2020-02-11 00:00:00</subfield>
    <subfield code="t">1</subfield>
    <subfield code="v">8.00</subfield>
    <subfield code="w">2020-02-11</subfield>
    <subfield code="y">UR</subfield>
  </datafield>
</record>
